Горька ягода калинушка: повести

書誌詳細
第一著者: Шанин В. Я. Владимир Яковлевич
その他の著者: Воронов Н. П. (автор послесловия), Симоненко Г. И. (иллюстратор)
言語:ロシア語
出版事項: Красноярск, Красноярское книжное издательство, 1987
シリーズ:Современая сибирская повесть
主題:
フォーマット: 図書
KOHA link:https://koha.lib.tpu.ru/cgi-bin/koha/opac-detail.pl?biblionumber=152482

MARC

LEADER 00000nam0a2200000 4500
001 152482
005 20231031151008.0
020 |a RU  |b 87-67387 
035 |a (RuTPU)RU\TPU\book\165318 
090 |a 152482 
100 |a 20090202d1987 m y0rusy5003 ca 
101 0 |a rus 
102 |a RU 
105 |a a z 000ay 
200 1 |a Горька ягода калинушка  |e повести  |f В. Я. Шанин  |g авт. послесл. Н. П. Воронов ; худож. Г. И. Симоненко 
210 |a Красноярск  |c Красноярское книжное издательство  |d 1987 
215 |a 303 с.  |c ил.  |d 22 см 
225 1 |a Современая сибирская повесть 
610 1 |a советская литература 
610 1 |a повести 
675 |a Р2  |z rus 
700 1 |a Шанин  |b В. Я.  |g Владимир Яковлевич  |4 070 
702 1 |a Воронов  |b Н. П.  |4 075 
702 1 |a Симоненко  |b Г. И.  |4 440 
801 0 |a RU  |b RuMRKP  |c 19960705  |g psbo 
801 1 |a RU  |b 63413507  |c 20090202  |g PSBO 
801 2 |a RU  |b 63413507  |c 20090202  |g PSBO 
942 |c BK